Právny režim bezpilotných lietadiel na území Európskej únie
Súčasná právna úprava bezpilotných lietadiel na území Európskej únie, jej vývoj v posledných rokoch a návrhy Európskej agentúry pre bezpečnosť letectva v predmetnej problematike. Problematika systémov diaľkovo pilotovaných lietadiel, ich možné využitie na komerčné a nekomerčné účely, ako aj ich náčr...
Saved in:
| Main Author: | |
|---|---|
| Format: | Book Chapter |
| Language: | Slovak |
| Subjects: | |
| Tags: |
No Tags, Be the first to tag this record!
|
MARC
| LEADER | 00000nla a2200000 4500 | ||
|---|---|---|---|
| 001 | 0226097 | ||
| 005 | 20240502073719.6 | ||
| 041 | 0 | |a slo | |
| 044 | |a SK | ||
| 245 | 1 | 0 | |a Právny režim bezpilotných lietadiel na území Európskej únie |c Michal Klenka |
| 520 | |a Súčasná právna úprava bezpilotných lietadiel na území Európskej únie, jej vývoj v posledných rokoch a návrhy Európskej agentúry pre bezpečnosť letectva v predmetnej problematike. Problematika systémov diaľkovo pilotovaných lietadiel, ich možné využitie na komerčné a nekomerčné účely, ako aj ich náčrt smerovania budúcej právnej úpravy v rámci Európskej únie. | ||
| 610 | 2 | 0 | |a doprava letecká |
| 610 | 2 | 0 | |a právo letecké |
| 610 | 2 | 0 | |a Európska únia |
| 610 | 2 | 0 | |a právo medzinárodné |
| 610 | 2 | 0 | |a doprava letecká medzinárodná |
| 100 | 1 | |a Klenka, Michal | |